| 000 | 00486nam a2200193Ia 4500 | ||
|---|---|---|---|
| 005 | 20250326145153.0 | ||
| 008 | 250326s9999 xx 000 0 und d | ||
| 037 | _aTextbook | ||
| 040 |
_aFMSL _beng _cFMSL |
||
| 041 |
_aeng _2eng |
||
| 084 |
_aY7 P9 _qFMSL |
||
| 100 |
_aStrang V _9750768 |
||
| 245 | 0 |
_aWhat anthropologists do _cStrang V |
|
| 260 |
_aNY _bNY, BERG _c2009 |
||
| 365 | _b3717 | ||
| 650 | _aManagement | ||
| 942 |
_cTB _hY7 P9 |
||
| 999 |
_c1306630 _d1306630 |
||